[Event "ICS rated blitz match"]
[Site "204.178.125.65"]
[Date "2001.09.20"]
[Round "?"]
[White "Hossa"]
[Black "IgorIvanov"]
[Result "1/2-1/2"]
[WhiteElo "2611"]
[BlackElo "2391"]
[PlyCount "315"]
[EventDate "2001.??.??"]

1. e4 e6 2. d4 d5 3. Nc3 Bb4 4. e5 c5 5. a3 Bxc3+ 6. bxc3 Ne7 7. Qg4 O-O 8. Nf3
Qa5 9. Bd2 Qa4 10. Bd3 c4 11. Bxh7+ Kxh7 12. Qh4+ Kg8 13. Qxe7 Qxc2 14. O-O Nc6
15. Qh4 Qh7 16. Qg5 Qf5 17. Qg3 Na5 18. Bg5 Nb3 19. Rab1 Bd7 20. Bf6 Qg6 21.
Qxg6 fxg6 22. Be7 Rxf3 23. gxf3 Kf7 24. Bg5 Ba4 25. h3 Na5 26. Rb2 Bb3 27. Kg2
b5 28. Re2 Nc6 29. Kg3 a5 30. Ra1 Rh8 31. Be3 Ne7 32. Kg4 Nf5 33. Bg5 a4 34.
Rd2 Ke8 35. Rb2 Kf7 36. Rbb1 Ke8 37. Rc1 Kf7 38. Rg1 Ke8 39. Rae1 Kf7 40. Re2
Ke8 41. h4 Kf7 42. Rd2 Rh5 43. Ra1 Ke8 44. Re2 Kf7 45. Ree1 Rh8 46. Rec1 Rh7
47. Rg1 Rh8 48. Kh3 Bc2 49. Ra2 Bb3 50. Rd2 Rh7 51. Rh1 Rh8 52. Kg4 Rh5 53. Rc1
Ke8 54. Re2 Kf7 55. Ree1 Rh8 56. Rb1 Ke8 57. Rg1 Kf7 58. Ra1 Rh7 59. Rg2 Rh5
60. Rh2 Ke8 61. Rhh1 Kf7 62. Kh3 Ke8 63. Rhc1 Kf7 64. Rg1 Rh8 65. Rg2 Rh5 66.
Rg4 Rh8 67. Rc1 Rh5 68. Kg2 Rh8 69. Kf1 Rh5 70. Ke2 Rh8 71. Kd2 Rh7 72. Ra1 Rh8
73. Kc1 Rh7 74. Kb2 Rh5 75. Rb1 Rh8 76. Rbg1 Rh5 77. Rf1 Rh8 78. Rb1 Rh5 79.
Rbg1 Rh8 80. Rh1 Rh5 81. Rc1 Rh8 82. Re1 Rh7 83. Rf4 Rh8 84. Rc1 Rh7 85. Kb1
Rh8 86. Rg4 Rh7 87. Rh1 Rh5 88. Bc1 Ne7 89. Bd2 Nf5 90. Kb2 Ne7 91. f4 Nf5 92.
Be3 Ne7 93. f3 Nf5 94. Bf2 Ne7 95. Rhg1 Rh8 96. R4g2 Rh5 97. Rg5 Rh6 98. Kc1
Rh7 99. R5g2 Rh5 100. Kd2 Rh6 101. Rb1 Rh5 102. Rgg1 Nf5 103. Rg5 Ne7 104. Rxh5
gxh5 105. Rg1 Nf5 106. Kc1 g6 107. Kb2 Kg7 108. Rb1 Kf7 109. Rc1 Kf8 110. Ka1
Kf7 111. Kb1 Kf8 112. Rh1 Kf7 113. Kc1 Kg7 114. Kd2 Kf7 115. Ra1 Kg7 116. Rg1
Kf7 117. Kc1 Kg7 118. Kb1 Kf7 119. Rf1 Kg7 120. Kb2 Kf7 121. Kc1 Ke8 122. Kd2
Ba2 123. Ra1 Bb3 124. Rb1 Kf7 125. Rf1 Kf8 126. Kc1 Kf7 127. Re1 Ba2 128. Kb2
Bb3 129. Ka1 Bc2 130. Re2 Bb3 131. Rd2 Kf8 132. Be1 Kf7 133. Kb2 Kg7 134. Bf2
Kf7 135. Kc1 Kf8 136. Re2 Kf7 137. Kd2 Kf8 138. Be1 Kf7 139. Kc1 Kf8 140. Rg2
Kf7 141. Bf2 Ba2 142. Bg1 Bb3 143. Rh2 Kf8 144. Bf2 Kf7 145. Be1 Kg7 146. Kb1
Kf7 147. Rb2 Ke8 148. Rg2 Kf7 149. Rd2 Ke8 150. Bf2 Ke7 151. Kb2 Ke8 152. Bg1
Ke7 153. Rh2 Ke8 154. Bf2 Ke7 155. Rh1 Ke8 156. Rg1 Kf7 157. Ka1 Bc2 158. Bg3 {
Game drawn by the 50 move rule} 1/2-1/2

[Event "ICS rated standard match"]
[Site "204.178.125.65"]
[Date "2001.09.20"]
[Round "?"]
[White "Yace"]
[Black "Hossa"]
[Result "1-0"]
[WhiteElo "2594"]
[BlackElo "2410"]
[PlyCount "110"]
[EventDate "2001.??.??"]

1. d4 Nf6 2. c4 c5 3. d5 b5 4. cxb5 a6 5. b6 Qxb6 6. Nc3 d6 7. e4 e6 8. Bc4 e5
9. Nge2 Be7 10. O-O O-O 11. Qc2 Qc7 12. Bd2 Nbd7 13. Na4 Re8 14. Rac1 Nf8 15.
b3 Bd7 16. Nec3 Ng6 17. Be2 Bg4 18. Bxg4 Nxg4 19. Ne2 a5 20. Qc4 Rf8 21. Rc2
Bd8 22. Ng3 Bh4 23. Nf5 Bxf2+ 24. Rxf2 Nxf2 25. Kxf2 Ne7 26. g4 Nxf5 27. gxf5
Qe7 28. Rc3 Qh4+ 29. Kg2 Qh5 30. Rg3 f6 31. Nb6 Ra7 32. Qd3 Qf7 33. Nc4 Qc7 34.
a4 Rfa8 35. Qf3 Rb7 36. Qh5 Rba7 37. Rh3 h6 38. Rg3 Rb8 39. Bxh6 Qd8 40. Qg6
Rbb7 41. Nxa5 Qf8 42. Nxb7 Rxb7 43. Qxg7+ Qxg7 44. Rxg7+ Rxg7+ 45. Bxg7 Kxg7
46. a5 Kh6 47. a6 Kg5 48. Kg3 Kh6 49. h4 Kg7 50. a7 c4 51. a8=Q Kf7 52. h5 cxb3
53. h6 b2 54. Qa7+ Kf8 55. h7 b1=R {Hossa resigns} 1-0

[Event "ICS Rated blitz match"]
[Site "204.178.125.65"]
[Date "2001.09.20"]
[Round "?"]
[White "IgorIvanov"]
[Black "Hossa"]
[Result "1/2-1/2"]
[WhiteElo "2418"]
[BlackElo "2602"]
[PlyCount "266"]
[EventDate "2001.??.??"]

1. d4 Nf6 2. c4 c5 3. d5 b5 4. cxb5 a6 5. bxa6 g6 6. Nc3 Bxa6 7. Nf3 Bg7 8. h3
O-O 9. e4 Bxf1 10. Kxf1 d6 11. Kg1 e6 12. dxe6 fxe6 13. e5 dxe5 14. Qxd8 Rxd8
15. Kh2 Nc6 16. Re1 Nd4 17. Rb1 Nxf3+ 18. gxf3 Nd5 19. Ne4 Rxa2 20. Nxc5 Kf7
21. Ne4 Bf6 22. Bd2 Nf4 23. Bc3 Nd3 24. Red1 Bh4 25. Rd2 Rd5 26. Rbd1 Nxb2 27.
Rxd5 exd5 28. Rxd5 Na4 29. Bd2 Nb6 30. Ra5 Rxa5 31. Bxa5 Nd5 32. Bd2 Nf4 33.
Bxf4 exf4 34. Kg2 Ke6 35. Kf1 Kd5 36. Ke2 Kd4 37. Nd2 Bf6 38. Ne4 Be7 39. Nd2
Bc5 40. Ne4 h6 41. Kd2 Ba3 42. Ke2 Bb4 43. Nf6 Bf8 44. Ne4 Kc4 45. Nf6 Bg7 46.
Ne4 Be5 47. Nd2+ Kd5 48. Kd3 Bf6 49. Ne4 Bd4 50. Ke2 Bb2 51. Kd3 Ba1 52. Ke2
Bd4 53. Kd3 Bb2 54. Ke2 Ba1 55. Kd3 g5 56. Ke2 Be5 57. Kd3 Bd4 58. Ke2 Bg7 59.
Kf1 Kd4 60. Ke2 Kc4 61. Nd6+ Kd5 62. Ne4 Kd4 63. Nd2 Bf6 64. Nf1 Be7 65. Nd2
Bb4 66. Ne4 Kc4 67. Nf6 Bc3 68. Ne4 Be5 69. Nd2+ Kc3 70. Ne4+ Kd4 71. Nd2 Bb8
72. Ne4 Kc4 73. Nd2+ Kc3 74. Ne4+ Kd4 75. Nf6 Bd6 76. Ne4 Bc7 77. Nf6 Be5 78.
Ne4 Bh8 79. Nd2 Kc5 80. Kd3 Kd5 81. Ne4 Be5 82. Nd2 Bd4 83. Ne4 Bh8 84. Nd2 Bf6
85. Ne4 Bb2 86. Nd2 Ba3 87. Ne4 Bb4 88. Nf6+ Ke6 89. Ne4 Ke5 90. Ke2 Kd4 91.
Nf6 Bc5 92. Ne4 Bf8 93. Nf6 Kc4 94. Ne4 Be7 95. Nd2+ Kd4 96. Ne4 Bc5 97. Nf6
Kc4 98. Ng4 Bf8 99. Nf6 Bg7 100. Ne4 Bb2 101. Nd6+ Kd5 102. Ne4 Bd4 103. Kf1
Bh8 104. Ke2 g4 105. hxg4 Be5 106. Kd3 Bd4 107. Ke2 Be5 108. Nd2 Bd6 109. Nb3
Kc4 110. Nc1 Kd4 111. Nd3 Kc3 112. Ne1 Be7 113. Ng2 Bg5 114. Kd1 Kd3 115. Ne1+
Kc3 116. Ke2 Be7 117. Ng2 Bg5 118. Ne3 fxe3 119. fxe3 Kc4 120. f4 Bf6 121. Kf3
Kd5 122. g5 hxg5 123. fxg5 Be5 124. g6 Bc3 125. Kg4 Ke4 126. Kg5 Kd5 127. Kh6
Bb2 128. Kh7 Ke6 129. g7 Bxg7 130. Kxg7 Kf5 131. Kf7 Kg4 132. Ke6 Kf3 133. Kd5
Kxe3 {Game drawn because neither player has mating material} 1/2-1/2

[Event "ICS rated blitz match"]
[Site "204.178.125.65"]
[Date "2001.09.20"]
[Round "?"]
[White "Hossa"]
[Black "PostModernist"]
[Result "0-1"]
[WhiteElo "2594"]
[BlackElo "2691"]
[PlyCount "105"]
[EventDate "2001.??.??"]

1. c4 Nf6 2. Nc3 e5 3. Nf3 Nc6 4. g3 Bc5 5. Bg2 O-O 6. O-O d6 7. Na4 e4 8. Ng5
Bf5 9. Nxc5 dxc5 10. f3 Qd4+ 11. Kh1 exf3 12. Bxf3 Ne4 13. Nxe4 Bxe4 14. d3
Bxf3+ 15. Rxf3 Rfe8 16. Rf4 Qd7 17. Rh4 Re7 18. Bf4 Rae8 19. e4 f6 20. Be3 Ne5
21. Qf1 g5 22. Rh6 Qxd3 23. Qxd3 Nxd3 24. Rxf6 Rxe4 25. Bxg5 Nxb2 26. Rf5 b6
27. Bh6 R4e6 28. Rg5+ Rg6 29. Rc1 Rxg5 30. Bxg5 Re4 31. Rf1 Nxc4 32. Bh6 Re8
33. h3 Nd6 34. Rf4 Kh8 35. Rf3 c4 36. Kg2 Kg8 37. Rf4 Rc8 38. Kg1 Kh8 39. Bg5
Re8 40. a4 Kg7 41. Bf6+ Kg6 42. Kg2 Re4 43. Rf2 Re3 44. Rf4 c3 45. Bd4 Rd3 46.
Rf6+ Kh5 47. Rf4 Rxd4 48. Rf1 Rxa4 49. Kf3 b5 50. Ke2 Ra2+ 51. Ke3 b4 52. Rb1
Nf5+ 53. Kd3 {Hossa resigns} 0-1

[Event "ICS rated blitz match"]
[Site "204.178.125.65"]
[Date "2001.09.20"]
[Round "?"]
[White "IgorIvanov"]
[Black "Hossa"]
[Result "1-0"]
[WhiteElo "2429"]
[BlackElo "2582"]
[PlyCount "204"]
[EventDate "2001.??.??"]

1. d4 Nf6 2. c4 g6 3. Nc3 Bg7 4. e4 O-O 5. f3 d6 6. Be3 Bd7 7. Nge2 e5 8. d5
Ne8 9. h4 f5 10. Bg5 Bf6 11. Qd2 a5 12. O-O-O Kh8 13. Kb1 Rf7 14. Nc1 Na6 15.
Bd3 Nc5 16. Bc2 fxe4 17. Nxe4 Nxe4 18. Bxe4 b5 19. cxb5 Bxb5 20. Ne2 Bxg5 21.
hxg5 Bxe2 22. Qxe2 Qxg5 23. Rc1 Nf6 24. Rc2 Rb8 25. Rhc1 Nxe4 26. fxe4 Rbf8 27.
a3 Rf2 28. Qxf2 Rxf2 29. Rxf2 Qe3 30. Rf7 Qxe4+ 31. Ka1 Qxg2 32. Rfxc7 Qd2 33.
R1c3 h5 34. Rd7 Qd1+ 35. Ka2 Qxd5+ 36. Ka1 Qa8 37. Rcc7 Qf8 38. Rf7 Qg8 39. Rf1
Qa8 40. Rfc1 Qa6 41. Rd7 e4 42. Re7 d5 43. Ka2 Qa8 44. Rec7 Qa6 45. R1c6 Qf1
46. Rxg6 Qf4 47. Rb7 Qc1 48. Rd6 Qc8 49. Re7 Kg8 50. Re5 Qc4+ 51. Ka1 e3 52.
Rdxd5 Qc2 53. Rd8+ Kf7 54. Rde8 Qc1+ 55. Ka2 Qc4+ 56. Ka1 h4 57. Rxe3 h3 58.
Re1 Qh4 59. R8e4 Qf6 60. Rh1 Qf3 61. Ree1 Qd3 62. Rh2 a4 63. Reh1 Kf6 64. Rxh3
Qe2 65. Rc3 Qg2 66. Rcc1 Ke5 67. Rhe1+ Kd4 68. Red1+ Ke5 69. Rc5+ Kf6 70. Rdc1
Qd2 71. R5c2 Qe3 72. Rc6+ Ke5 73. R1c5+ Kd4 74. Rc4+ Kd5 75. Rc3 Qe2 76. R6c5+
Kd6 77. R5c4 Kd5 78. Rb4 Qa6 79. Ka2 Ke5 80. Rcc4 Qa8 81. Rxa4 Qd5 82. Rab4 Qd2
83. Rb5+ Kd6 84. a4 Ke6 85. Rc6+ Kd7 86. Rcc5 Ke7 87. a5 Qf4 88. Ka3 Qd2 89. a6
Qd1 90. Ra5 Qa1+ 91. Kb3 Qh1 92. a7 Qa8 93. Ka3 Kd7 94. Rcb5 Qf3+ 95. Rb3 Qa8
96. Rb8 Qh1 97. Rb7+ Kd6 98. a8=Q Qa1+ 99. Kb3 Qd1+ 100. Ka2 Qd5+ 101. Rxd5+
Kxd5 102. Re7+ Kc5 {Hossa resigns} 1-0

[Event "ICS rated blitz match"]
[Site "204.178.125.65"]
[Date "2001.09.20"]
[Round "?"]
[White "Hossa"]
[Black "IgorIvanov"]
[Result "1-0"]
[WhiteElo "2559"]
[BlackElo "2448"]
[PlyCount "169"]
[EventDate "2001.??.??"]

1. e4 e5 2. Bc4 Nf6 3. Nc3 Nxe4 4. Qh5 Nd6 5. Bb3 Nc6 6. Nb5 g6 7. Qf3 f5 8.
Qd5 Qe7 9. Nxc7+ Kd8 10. Nxa8 b6 11. Nxb6 axb6 12. Ne2 Bb7 13. Qd3 f4 14. Qh3
h5 15. O-O g5 16. Re1 e4 17. g3 Ne5 18. Nd4 Bg7 19. a4 Nd3 20. Ne6+ dxe6 21.
cxd3 g4 22. Qf1 fxg3 23. hxg3 h4 24. dxe4 hxg3 25. Qg2 gxf2+ 26. Qxf2 Nxe4 27.
Qxb6+ Qc7 28. Qxc7+ Kxc7 29. d4 Bxd4+ 30. Be3 Bxb2 31. Rab1 Bc3 32. Bxe6 Bxe1
33. Bf4+ Kc6 34. Rxe1 Kc5 35. Rc1+ Kd4 36. Rd1+ Kc5 37. Be3+ Kc6 38. Bd5+ Kc7
39. Bf4+ Nd6 40. Bxb7 Kxb7 41. Rxd6 Rh3 42. a5 Ra3 43. Rb6+ Ka7 44. Bb8+ Ka8
45. Rb5 g3 46. Bd6 Ra2 47. Bxg3 Ka7 48. Be1 Ka6 49. Rb6+ Ka7 50. Kf1 Ka8 51.
Bc3 Ka7 52. Ke1 Rh2 53. Bd4 Ka8 54. a6 Rg2 55. a7 Rg8 56. Kd2 Rc8 57. Rb2 Rd8
58. Ke3 Re8+ 59. Kd3 Re3+ 60. Kc4 Re8 61. Rb5 Rc8+ 62. Kd3 Re8 63. Rb6 Rc8 64.
Rb1 Re8 65. Kc4 Rc8+ 66. Bc5 Rg8 67. Rb2 Rc8 68. Rb3 Rg8 69. Bd4 Rc8+ 70. Kb5
Rd8 71. Bc5 Rc8 72. Rh3 Re8 73. Rf3 Rc8 74. Bd6 Kxa7 75. Rf7+ Ka8 76. Bc7 Kb7
77. Bb6+ Ka8 78. Ra7+ Kb8 79. Rd7 Re8 80. Bc7+ Kc8 81. Kc6 Re6+ 82. Bd6 Re1 83.
Ra7 Rc1+ 84. Bc5 Kb8 85. Re7 {IgorIvanov resigns} 1-0

[Event "ICS rated blitz match"]
[Site "204.178.125.65"]
[Date "2001.09.20"]
[Round "?"]
[White "kako"]
[Black "Hossa"]
[Result "0-1"]
[WhiteElo "2020"]
[BlackElo "2552"]
[PlyCount "98"]
[EventDate "2001.??.??"]

1. d4 Nf6 2. c4 e6 3. Nc3 Bb4 4. e3 c5 5. Nf3 cxd4 6. exd4 d5 7. a3 Ba5 8. b4
Bc7 9. Nb5 a5 10. Bb2 axb4 11. axb4 Rxa1 12. Bxa1 Bf4 13. g3 Bh6 14. c5 Ne4 15.
Bd3 O-O 16. O-O Nc6 17. Nc3 Nxb4 18. Nxe4 dxe4 19. Bxe4 Nd5 20. Ne5 Nf6 21. Bg2
Qc7 22. Qb1 Nd5 23. Rd1 Bd7 24. Nxd7 Qxd7 25. Qb3 Ra8 26. Rb1 Bd2 27. Bb2 Ra7
28. Bc1 Bxc1 29. Rxc1 h6 30. Bxd5 exd5 31. Re1 f6 32. Qb6 Ra6 33. Qb4 Ra2 34.
Rf1 Re2 35. Kg2 Kf7 36. Qb3 g6 37. Qb4 Re7 38. Re1 f5 39. Rxe7+ Qxe7 40. Kg1 g5
41. Qb6 Kg7 42. Kf1 Qd7 43. Ke2 Qc6 44. Qxc6 bxc6 45. f4 Kf7 46. Kd2 gxf4 47.
gxf4 Kg6 48. Ke2 Kh5 49. Kf3 Kh4 {kako resigns} 0-1

[Event "ICS rated blitz match"]
[Site "204.178.125.65"]
[Date "2001.09.20"]
[Round "?"]
[White "IgorIvanov"]
[Black "Hossa"]
[Result "0-1"]
[WhiteElo "2474"]
[BlackElo "2553"]
[PlyCount "108"]
[EventDate "2001.??.??"]

1. d4 Nf6 2. c4 e6 3. Nf3 b6 4. Nc3 Bb7 5. Bg5 Bb4 6. e3 h6 7. Bh4 g5 8. Bg3
Ne4 9. Qc2 h5 10. Bd3 Nxg3 11. hxg3 c5 12. a3 Bxc3+ 13. Qxc3 Qf6 14. dxc5 Qxc3+
15. bxc3 g4 16. Nd2 Bxg2 17. Rh2 Bc6 18. Nb3 Na6 19. cxb6 axb6 20. a4 d6 21. a5
bxa5 22. Rxa5 Nc5 23. Rxa8+ Bxa8 24. Nxc5 dxc5 25. e4 Ke7 26. Ke2 Kd6 27. Ke3
Ke5 28. Rh1 f5 29. Ra1 Bxe4 30. Bxe4 fxe4 31. Ra5 Rc8 32. Ra7 Rf8 33. Rh7 Rf3+
34. Ke2 e3 35. Rxh5+ Ke4 36. fxe3 e5 37. Rg5 Rxg3 38. Kf2 Rf3+ 39. Kg2 Rxe3 40.
Rxg4+ Kd3 41. Kf2 e4 42. Rg5 Rf3+ 43. Ke1 Kxc4 44. Re5 Rxc3 45. Rxe4+ Kd3 46.
Re8 Rc1+ 47. Kf2 c4 48. Rd8+ Kc2 49. Ke2 c3 50. Rh8 Rb1 51. Rh2 Kb3 52. Rh8 c2
53. Rb8+ Ka4 54. Ra8+ Kb4 {IgorIvanov resigns} 0-1

[Event "ICS rated blitz match"]
[Site "204.178.125.65"]
[Date "2001.09.20"]
[Round "?"]
[White "PostModernist"]
[Black "Hossa"]
[Result "1/2-1/2"]
[WhiteElo "2703"]
[BlackElo "2565"]
[PlyCount "109"]
[EventDate "2001.??.??"]

1. d4 Nf6 2. c4 e6 3. Nf3 b6 4. Bf4 Bb7 5. e3 Be7 6. h3 c5 7. dxc5 bxc5 8. Nc3
d6 9. Be2 O-O 10. O-O Qd7 11. Bd3 Na6 12. e4 Nb4 13. Bb1 Rab8 14. Bg5 Bc6 15.
Qd2 Rfd8 16. a3 Na6 17. Re1 Qb7 18. Re2 Nc7 19. Qe3 Qc8 20. e5 dxe5 21. Nxe5
Na6 22. Bd3 Ba8 23. Rd1 Qb7 24. f3 Qb6 25. Qf2 h6 26. Bh4 Bb7 27. Qe1 Bc6 28.
Nxc6 Qxc6 29. Nb5 Rd7 30. Bg3 Rbd8 31. Red2 Nh5 32. Bh4 Bxh4 33. Qxh4 Nf6 34.
Qg3 Qb6 35. Qf2 Nb8 36. Nc3 Qa5 37. Qe3 Qc7 38. Ne4 Nxe4 39. Qxe4 Kf8 40. Qh7
Qg3 41. b4 cxb4 42. axb4 f5 43. b5 Kf7 44. Kf1 Qe5 45. h4 Qh2 46. g4 Qg3 47.
Ke2 Qxh4 48. gxf5 Qh2+ 49. Kf1 Qh1+ 50. Ke2 Qg2+ 51. Ke3 Qg5+ 52. Ke2 Qg2+ 53.
Ke3 Qg5+ 54. Ke2 Qg2+ 55. Ke3 {Game drawn by repetition} 1/2-1/2

[Event "ICS rated blitz match"]
[Site "204.178.125.65"]
[Date "2001.09.20"]
[Round "?"]
[White "Hossa"]
[Black "NewHal9000"]
[Result "0-1"]
[WhiteElo "2571"]
[BlackElo "2862"]
[PlyCount "73"]
[EventDate "2001.??.??"]

1. e4 c5 2. Nc3 Nc6 3. Nf3 e5 4. Bc4 d6 5. O-O Be7 6. d3 Nf6 7. Bd2 O-O 8. Ng5
Na5 9. Bxf7+ Rxf7 10. Nxf7 Kxf7 11. f4 Nc6 12. fxe5 Nxe5 13. Be3 Kg8 14. Bf4
Qb6 15. b3 Be6 16. Qd2 Rf8 17. a4 a6 18. Bg3 Qb4 19. Kh1 b6 20. a5 b5 21. Be1
Neg4 22. h3 Qd4 23. Rb1 Qe5 24. hxg4 Nxg4 25. Rxf8+ Kxf8 26. Kg1 Bg5 27. Bg3
Qxg3 28. Qxg5 Qh2+ 29. Kf1 Qh1+ 30. Ke2 Qxg2+ 31. Kd1 Nf2+ 32. Ke2 Qxg5 33. Rf1
Bg4+ 34. Kxf2 Kg8 35. Nd5 Qh4+ 36. Kg1 Qg3+ 37. Kh1 {Hossa resigns} 0-1

[Event "ICS rated blitz match"]
[Site "204.178.125.65"]
[Date "2001.09.21"]
[Round "?"]
[White "IgorIvanov"]
[Black "Hossa"]
[Result "0-1"]
[WhiteElo "2484"]
[BlackElo "2566"]
[PlyCount "70"]
[EventDate "2001.??.??"]

1. d4 Nf6 2. c4 g6 3. Nc3 Bg7 4. e4 d6 5. f3 O-O 6. Be3 a6 7. Qd2 Nbd7 8. Bh6
Bxh6 9. Qxh6 Kh8 10. h4 e5 11. d5 Ng8 12. Qe3 Nc5 13. b4 Nd7 14. a3 a5 15. Ra2
axb4 16. axb4 Rxa2 17. Nxa2 c5 18. dxc6 bxc6 19. Nc3 Ndf6 20. Bd3 Nh5 21. Nge2
f5 22. exf5 gxf5 23. Qg5 Ngf6 24. Bxf5 Rg8 25. Bxc8 Rxg5 26. hxg5 Qxc8 27. gxf6
Nxf6 28. Ng3 Qg8 29. Kf2 Qxc4 30. Nge4 Nxe4+ 31. Nxe4 d5 32. Nf6 Qd4+ 33. Ke2
Qb2+ 34. Ke3 Qc3+ 35. Kf2 Qd2+ {IgorIvanov resigns} 0-1

[Event "ICS rated blitz match"]
[Site "204.178.125.65"]
[Date "2001.09.21"]
[Round "?"]
[White "Hossa"]
[Black "IgorIvanov"]
[Result "1-0"]
[WhiteElo "2578"]
[BlackElo "2480"]
[PlyCount "57"]
[EventDate "2001.??.??"]

1. c4 Nf6 2. Nc3 c5 3. g3 Nc6 4. Nh3 e6 5. Bg2 b6 6. O-O Bb7 7. d3 Be7 8. Bd2
O-O 9. e3 Qb8 10. Qf3 Rd8 11. Qe2 h6 12. Nf4 a6 13. Ne4 Nxe4 14. Bxe4 Bf6 15.
Rab1 b5 16. Nh5 Be7 17. Bc3 d5 18. Qg4 Bg5 19. cxd5 exd5 20. Bxg7 dxe4 21. Bxh6
Qe5 22. Bxg5 Qe6 23. Qxe6 fxe6 24. Bxd8 Rxd8 25. dxe4 Ne5 26. f4 Nd3 27. g4 Kf7
28. Ng3 c4 29. f5 {IgorIvanov resigns} 1-0

[Event "ICS rated standard match"]
[Site "204.178.125.65"]
[Date "2001.09.21"]
[Round "?"]
[White "Hossa"]
[Black "EA6PZ"]
[Result "0-1"]
[WhiteElo "2402"]
[BlackElo "2517"]
[PlyCount "123"]
[EventDate "2001.??.??"]

1. d4 Nf6 2. c4 c5 3. d5 e5 4. e4 d6 5. Bd3 Be7 6. Ne2 O-O 7. O-O Bg4 8. Nbc3
Qb6 9. f3 Bd7 10. f4 exf4 11. Bxf4 Nh5 12. Qc2 Nxf4 13. Nxf4 Na6 14. a3 Nb4 15.
axb4 cxb4+ 16. Rf2 bxc3 17. bxc3 Qc5 18. Raf1 Rac8 19. e5 g6 20. exd6 Bxd6 21.
Ne2 b5 22. cxb5 Qxd5 23. Kh1 Bxb5 24. Bxb5 Qxb5 25. Qd2 Qe5 26. g3 Bc5 27. Nd4
Qd5+ 28. Kg1 Rce8 29. Rd1 Re4 30. Qa2 Qxa2 31. Rxa2 Re3 32. Kg2 Rxc3 33. Nb5
Rc4 34. Nxa7 Ra8 35. Rd7 Bb6 36. h3 Rc3 37. g4 Bc7 38. h4 Rb8 39. g5 Rb4 40.
Re2 Bb6 41. Red2 Rg4+ 42. Kf1 Rg1+ 43. Ke2 Re3+ 44. Kf2 Rh3+ 45. Ke2 Re3+ 46.
Kf2 Ra3+ 47. Ke2 Bxa7 48. R7d3 Raa1 49. Rd7 Rae1+ 50. Kf3 Ref1+ 51. Ke2 Rf2+
52. Kd3 Rxd2+ 53. Kxd2 Bf2 54. h5 gxh5 55. Ke2 Bh4 56. Kf3 Kg7 57. Rd5 Rxg5 58.
Rd6 Bg3 59. Ra6 h4 60. Kg2 Bd6+ 61. Kh1 Rd5 62. Ra1 {Hossa resigns} 0-1

[Event "ICS rated blitz match"]
[Site "204.178.125.65"]
[Date "2001.09.21"]
[Round "?"]
[White "Hossa"]
[Black "IgorIvanov"]
[Result "1/2-1/2"]
[WhiteElo "2590"]
[BlackElo "2456"]
[PlyCount "93"]
[EventDate "2001.??.??"]

1. e4 c5 2. Nf3 d6 3. d4 cxd4 4. Nxd4 Nf6 5. f3 Nc6 6. Bb5 Bd7 7. Be3 a6 8.
Nxc6 bxc6 9. Bd3 g6 10. O-O Bg7 11. Nc3 O-O 12. Qe2 a5 13. Rab1 Be6 14. Qd2 d5
15. exd5 Nxd5 16. Nxd5 Qxd5 17. c4 Qd7 18. Rfd1 Rfd8 19. Qf2 Bd4 20. b3 Bxe3
21. Qxe3 Qd4 22. Qxd4 Rxd4 23. Be4 Rxd1+ 24. Rxd1 Rc8 25. f4 f5 26. Bf3 c5 27.
Bd5 Kf7 28. Kf2 a4 29. bxa4 Bxd5 30. Rxd5 Ra8 31. Rxc5 Rxa4 32. Re5 Rxc4 33. g3
Ra4 34. Re2 h6 35. h4 Ra3 36. Kg2 Kf6 37. Rb2 e6 38. Re2 Ra6 39. Kf2 g5 40.
hxg5+ hxg5 41. Kf3 Ra3+ 42. Kf2 g4 43. Kg2 Ke7 44. Rd2 Kf6 45. Re2 Ke7 46. Rd2
Kf6 47. Re2 {Game drawn by repetition} 1/2-1/2

[Event "ICS rated standard match"]
[Site "204.178.125.65"]
[Date "2001.09.21"]
[Round "?"]
[White "BrazilianMaster"]
[Black "Hossa"]
[Result "1-0"]
[WhiteElo "2639"]
[BlackElo "2391"]
[PlyCount "62"]
[EventDate "2001.??.??"]

1. e4 c5 2. Nf3 d6 3. d4 cxd4 4. Nxd4 Nf6 5. Nc3 a6 6. Be2 e5 7. Nb3 Be7 8. O-O
Be6 9. f4 Qc7 10. Kh1 O-O 11. f5 Bc4 12. g4 Nfd7 13. g5 Re8 14. Bxc4 Qxc4 15.
Be3 b5 16. a4 bxa4 17. Na5 Qb4 18. Rxa4 Qxb2 19. Nd5 Bd8 20. Nb3 Nc5 21. Rc4
Nxb3 22. cxb3 Bxg5 23. Bxg5 Nd7 24. Rc7 Nf8 25. Qh5 Ng6 26. Rxf7 Re6 27. fxe6
Kh8 28. Rxg7 Qg2+ 29. Kxg2 Nf4+ 30. Rxf4 Kxg7 31. Rf7+ Kh8 {Hossa resigns} 1-0

[Event "ICS rated blitz match"]
[Site "204.178.125.65"]
[Date "2001.09.21"]
[Round "?"]
[White "perucho"]
[Black "Hossa"]
[Result "1-0"]
[WhiteElo "2898"]
[BlackElo "2584"]
[PlyCount "100"]
[EventDate "2001.??.??"]

1. Nc3 c5 2. e4 Nc6 3. g3 Nf6 4. Nf3 d5 5. exd5 Nxd5 6. Bg2 Nxc3 7. bxc3 e6 8.
d3 Be7 9. Nd2 Qc7 10. O-O O-O 11. Nc4 Bf6 12. Bf4 e5 13. Be3 Na5 14. Nxa5 Qxa5
15. c4 Qc7 16. Be4 Rb8 17. Re1 Bd7 18. Qh5 g6 19. Qe2 Rfe8 20. Qf3 Bg7 21. a4
Re6 22. a5 b6 23. Bd5 Rf6 24. axb6 Rbxb6 25. Qe2 Ra6 26. Bd2 Rxa1 27. Rxa1 Rf5
28. Qe1 Rf6 29. Bc3 Rf5 30. Ra6 Bc8 31. Rc6 Qd7 32. Rxc5 Qe8 33. Rc7 a6 34. Bc6
Qd8 35. Ba5 Bf8 36. Rxf7 Qg5 37. Ra7 Bg7 38. Be4 Rf8 39. Bb4 Re8 40. Bc6 Rd8
41. Be7 Bf6 42. h4 Qf5 43. Be4 Qg4 44. Bxf6 Rd6 45. Bd5+ Qe6 46. Bxe6+ Rxe6 47.
Qa5 Rxf6 48. Qc7 Bd7 49. Qxd7 Rf7 50. Qxf7+ Kh8 {Hossa resigns} 1-0

[Event "ICS rated blitz match"]
[Site "204.178.125.65"]
[Date "2001.09.21"]
[Round "?"]
[White "Hossa"]
[Black "IgorIvanov"]
[Result "1/2-1/2"]
[WhiteElo "2575"]
[BlackElo "2499"]
[PlyCount "186"]
[EventDate "2001.??.??"]

1. c4 e5 2. g3 Nf6 3. Nc3 Bb4 4. Nf3 Bxc3 5. dxc3 Nc6 6. Bg2 O-O 7. c5 Re8 8.
Bg5 h6 9. Bxf6 Qxf6 10. O-O b6 11. Qd5 Re7 12. Nh4 Bb7 13. e4 Rd8 14. cxb6 axb6
15. Nf5 Ree8 16. Rfd1 Ba8 17. Qc4 Qe6 18. Qxe6 dxe6 19. Ne3 Kf8 20. b4 Rxd1+
21. Rxd1 Ke7 22. Bf1 Na7 23. f3 Bc6 24. Kg2 Ra8 25. Rd2 Nc8 26. Nc4 f6 27. Bd3
Nd6 28. Nxd6 cxd6 29. c4 Ra4 30. Rb2 Ra3 31. Bb1 f5 32. Rb3 Rxb3 33. axb3 f4
34. Kf2 fxg3+ 35. hxg3 h5 36. Bd3 g5 37. Kg2 Kf6 38. Kh3 d5 39. Kg2 d4 40. b5
Bb7 41. b4 Ke7 42. c5 Bc8 43. cxb6 Bb7 44. Kh2 Kf7 45. Bc4 Kf6 46. Kh3 Ke7 47.
Kg2 Kf6 48. Kh2 Ke7 49. Kg1 Kf6 50. Bb3 Ke7 51. Kf2 Kf6 52. Kf1 Ke7 53. Kg2 Kf6
54. Ba4 Ke7 55. Bc2 Kf6 56. Kf1 Ke7 57. Kf2 Kf6 58. Bd3 Ke7 59. Be2 Kf6 60. Kg2
Kg6 61. Kf1 Kf6 62. Kg1 Ke7 63. Kg2 Kf6 64. Kh1 Ke7 65. Kg1 Kf6 66. Bf1 Ke7 67.
Kf2 Kf6 68. Kg2 Ke7 69. Kh1 Kf6 70. Bd3 Ke7 71. Bc2 Kf6 72. Kh2 Ke7 73. Kg1 Kf6
74. Bb1 Ke7 75. Ba2 Kf6 76. Kg2 Ke7 77. Kf2 Kf6 78. Bb1 Ke7 79. Kg2 Kf6 80. Kh3
Ke7 81. Bd3 Kf6 82. Bc2 Ke7 83. Bd1 Kf6 84. Kg2 Ke7 85. Kg1 Kf6 86. Kf2 Ke7 87.
Ke1 Kf6 88. Be2 Ke7 89. Bc4 Kf6 90. Ke2 Ke7 91. Kf2 Kf6 92. Kf1 Ke7 93. Ke2 Kf6
{Game drawn by the 50 move rule} 1/2-1/2

[Event "ICS rated blitz match"]
[Site "204.178.125.65"]
[Date "2001.09.21"]
[Round "?"]
[White "IgorIvanov"]
[Black "Hossa"]
[Result "1-0"]
[WhiteElo "2508"]
[BlackElo "2572"]
[PlyCount "134"]
[EventDate "2001.??.??"]

1. d4 Nf6 2. c4 c5 3. d5 e5 4. Nc3 d6 5. e4 Be7 6. g3 O-O 7. Bh3 Bxh3 8. Nxh3
Qc8 9. Ng5 h6 10. Nf3 Qh3 11. Ng1 Qg2 12. Qf3 Qxf3 13. Nxf3 Na6 14. Ke2 Nb4 15.
Kd2 Ng4 16. a3 Nxf2 17. axb4 cxb4 18. Ke2 Nxh1 19. Na4 Rac8 20. b3 f5 21. Be3
b5 22. Nb2 f4 23. gxf4 exf4 24. Bd4 a5 25. Rxh1 bxc4 26. Nxc4 a4 27. Kd3 axb3
28. Rb1 g5 29. h3 h5 30. Rg1 g4 31. hxg4 h4 32. g5 h3 33. Rh1 Kf7 34. Rxh3 Ke8
35. g6 Rg8 36. g7 Rb8 37. Rh2 Ra8 38. Rb2 Kf7 39. Rxb3 Rab8 40. e5 Kxg7 41. Ke4
Rgd8 42. Kxf4 Kh6 43. Ke4 Re8 44. e6 Rg8 45. Ne3 Kh7 46. Rb2 b3 47. Nd2 Bg5 48.
Rxb3 Rxb3 49. Nxb3 Rb8 50. Na5 Rb1 51. Nac4 Kg8 52. Nxd6 Rb4 53. Ndc4 Rb8 54.
d6 Rc8 55. Ne5 Re8 56. Kd5 Ra8 57. N3c4 Bh4 58. Nc6 Kf8 59. d7 Bg5 60. Bc5+ Kg7
61. Be7 Bc1 62. d8=Q Rxd8+ 63. Nxd8 Kg6 64. Nd6 Bb2 65. N8f7 Bg7 66. Ne5+ Kh5
67. Nf5 Bh8 {Hossa resigns} 1-0

[Event "ICS rated blitz match"]
[Site "204.178.125.65"]
[Date "2001.09.21"]
[Round "?"]
[White "IgorIvanov"]
[Black "Hossa"]
[Result "0-1"]
[WhiteElo "2533"]
[BlackElo "2553"]
[PlyCount "82"]
[EventDate "2001.??.??"]

1. d4 Nf6 2. c4 g6 3. Nc3 Bg7 4. e4 d6 5. Nge2 O-O 6. f3 c5 7. d5 e6 8. Ng3
exd5 9. cxd5 a6 10. Be2 b5 11. O-O b4 12. Na4 Bd7 13. a3 Bxa4 14. Qxa4 bxa3 15.
Rxa3 Nfd7 16. Rb3 Nb6 17. Qa5 c4 18. Ra3 N8d7 19. Be3 Bxb2 20. Ra2 Qf6 21. Kh1
Bd4 22. Bxd4 Qxd4 23. Rd1 Qe3 24. Ra3 Qc5 25. Qxc5 Nxc5 26. Rc1 Rfc8 27. Nf1 f5
28. exf5 gxf5 29. Ne3 Nd3 30. Bxd3 cxd3 31. Rd1 d2 32. Rd3 Re8 33. Kg1 Nc4 34.
Nxc4 Re1+ 35. Kf2 Rxd1 36. Nxd6 a5 37. Nc4 a4 38. d6 a3 39. d7 a2 40. d8=Q+
Rxd8 41. Rxd8+ Kf7 {IgorIvanov resigns} 0-1